000
00218nam a2200097Ia 4500
008
190216s9999||||xx |||||||||||||| ||und||
100
_a
Menon K N
245
0
_a
Mathsya Krishi
260
_b
Kerala Basha Inst
942
_c
BK
999
_c
37642
_d
37642